Pancakes for breakfast / (Record no. 2708)

MARC details
000 -LEADER
fixed length control field 00978cam a2200289 i 4500
005 - DATE AND TIME OF LATEST TRANSACTION
control field 20250513081537.0
020 ## - INTERNATIONAL STANDARD BOOK NUMBER
International Standard Book Number 0590451367
020 ## - INTERNATIONAL STANDARD BOOK NUMBER
International Standard Book Number 9780156707688
040 ## - CATALOGING SOURCE
Original cataloging agency DLC
Transcribing agency DLC
Description conventions rda
Modifying agency DLC
Language of cataloging eng
050 00 - LIBRARY OF CONGRESS CALL NUMBER
Classification number PZ7.D439
082 00 - DEWEY DECIMAL CLASSIFICATION NUMBER
Classification number 823.9
100 1# - MAIN ENTRY--PERSONAL NAME
Personal name DePaola, Tomie
Dates associated with a name 1934-2020,
Relator term author.
245 10 - TITLE STATEMENT
Title Pancakes for breakfast /
Statement of responsibility, etc. by Tomie DePaola.
250 ## - EDITION STATEMENT
Edition statement First Scholastic printing, October 1991
260 ## - PUBLICATION, DISTRIBUTION, ETC.
Place of publication, distribution, etc. New York :
Name of publisher, distributor, etc. Scholastic ,
Date of publication, distribution, etc. 1978
300 ## - PHYSICAL DESCRIPTION
Extent 28 unnumbered pages :
Other physical details color illustrations ;
Dimensions 16 cm .
505 ## - FORMATTED CONTENTS NOTE
Formatted contents note F <br/>
520 ## - SUMMARY, ETC.
Summary, etc. A little old lady's attempts to have pancakes for breakfast are hindered by a scarcity of supplies and the participation of her pets.
521 ## - TARGET AUDIENCE NOTE
Target audience note 300 <br/><br/>
Source Lexile <br/>
521 ## - TARGET AUDIENCE NOTE
Target audience note F <br/>
Source Raz-Plus <br/>
650 #1 - SUBJECT ADDED ENTRY--TOPICAL TERM
Topical term or geographic name entry element Pancakes, waffles, etc.
Form subdivision Fiction.
650 #1 - SUBJECT ADDED ENTRY--TOPICAL TERM
Topical term or geographic name entry element Pets
Form subdivision Fiction.
650 #1 - SUBJECT ADDED ENTRY--TOPICAL TERM
Topical term or geographic name entry element Stories without words.
906 ## - LOCAL DATA ELEMENT F, LDF (RLIN)
a 7
b cbc
c origres
d 2
e ncip
f 20
g y-gencatlg
942 ## - ADDED ENTRY ELEMENTS (KOHA)
Source of classification or shelving scheme Dewey Decimal Classification
Koha item type Books
Suppress in OPAC No
999 ## -
-- 2708
-- 2708
Holdings
Withdrawn status Lost status Source of classification or shelving scheme Damaged status Not for loan Collection Home library Current library Shelving location Date acquired Total Checkouts Full call number Barcode Date last seen Date last checked out Copy number Price effective from Koha item type
    Dewey Decimal Classification     Juvenile Fiction Footprints International School Library Network Toul Kork Campus Footprints International School Library Network Toul Kork Campus TK Primary Library Room(4th Floor), Bookcase 7, Shelves 57-60, Dark Green Books 05/13/2025 1 DEP 823.9 PZ7.D439 FISTK04324 01/05/2026 11/10/2025 2 05/13/2025 Books
    Dewey Decimal Classification     Juvenile Fiction Footprints International School Library Network Toul Tom Poung Campus Footprints International School Library Network Toul Tom Poung Campus TTP Primary Green Bookshelves 01/10/2024 4 DEP 823.9 PZ7.D439 FISBK072011 10/17/2025 10/10/2025 1 01/10/2024 Books
    Dewey Decimal Classification     Juvenile Fiction Footprints International School Library Network Toul Tom Poung Campus Footprints International School Library Network Toul Tom Poung Campus TTP Primary Green Bookshelves 09/09/2025 1 DEP 823.9 PZ7.D439 FIS02981 12/12/2025 12/04/2025 3 09/09/2025 Books